000
00328nam a2200133Ia 4500
008
231217s9999 xx 000 0 und d
041
_a
English
082
_a
001.6424PAS VEN
100
_a
Venugopal, K R Maya, C M
245
0
_a
Programming with Pascal
260
_c
1997
_b
TMH,
_a
New Delhi
300
_a
xv+528
942
_c
AA
999
_c
176196
_d
176196